00316nam a2200121Ia 4500008004100000020001800041041000800059082001000067100001600077245005100093260004200144300000800186221201s9999 xx 000 0 und d a9780471777519 aeng a720.4 aDuany A Tr. aSustainable Urbanism Urban Design With Nature. aNew York.bJohn Willy And Sons c2008 a304